Epidimiology of Fasciolosis in cattle in Sa Ang district Kandal province, ការសិក្សាអំពីកំរិតរាលដាលដាលនៃជំងឺដែលបង្ករដោយព្រូនហ្វាស្យូឡា ចំពោះគោនៅស្រុកស្អាង ខេត្តកណ្តាល (Record no. 2033)

000 -LEADER
fixed length control field 00706nam a22001577a 4500
003 - CONTROL NUMBER IDENTIFIER
control field OSt
005 - DATE AND TIME OF LATEST TRANSACTION
control field 20151006135520.0
008 - FIXED-LENGTH DATA ELEMENTS--GENERAL INFORMATION
fixed length control field 151006b xxu||||| |||| 00| 0 eng d
040 ## - CATALOGING SOURCE
Transcribing agency RUA
082 ## - DEWEY DECIMAL CLASSIFICATION NUMBER
Classification number AVM SAN 2000 B072 Or.1
100 ## - MAIN ENTRY--PERSONAL NAME
9 (RLIN) 2161
Personal name SAN, PISITH.
245 ## - TITLE STATEMENT
Title Epidimiology of Fasciolosis in cattle in Sa Ang district Kandal province, ការសិក្សាអំពីកំរិតរាលដាលដាលនៃជំងឺដែលបង្ករដោយព្រូនហ្វាស្យូឡា ចំពោះគោនៅស្រុកស្អាង ខេត្តកណ្តាល
260 ## - PUBLICATION, DISTRIBUTION, ETC. (IMPRINT)
Place of publication, distribution, etc. Phnom Penh
Name of publisher, distributor, etc. RUA
Date of publication, distribution, etc. 2000
300 ## - PHYSICAL DESCRIPTION
Extent ix; 31p.
Other physical details ill.
Dimensions 29cm.
942 ## - ADDED ENTRY ELEMENTS (KOHA)
Source of classification or shelving scheme
Koha item type AVM
Holdings
Price effective from Date last seen Permanent Location Not for loan Date acquired Source of classification or shelving scheme Koha item type Lost status Withdrawn status Date last checked out Total Checkouts Shelving location Damaged status Barcode Current Location Full call number
2015-10-062015-10-06Library Block B 2015-10-06 AVM    B072 RUA009077Library Block BAVM SAN 2000 B072 Or.1
2015-10-062016-07-31Library Block B 2015-10-06 AVM  2016-06-202B072 RUA009076Library Block BAVM SAN 2000 B072 Or.2
2015-10-062015-10-06Library Block B 2015-10-06 AVM    B072 RUA025822Library Block BAVM SAN 2000 B072 Or.3
2015-11-052018-06-15Library Block B 2015-11-05 AVM  2018-06-112  RUA034532Library Block BAVM SAN 2000 B072 Or.4
មជ្ឈមណ្ឌលឯការនៃសាកលវិទ្យាល័យភូមិន្ទកសិកម្មចំការដូង

Powered by Koha